Online
Catalog

Los jesuitas en la República Dominicana / (Record no. 21899)

MARC details
000 -CABECERA
campo de control de longitud fija 01026nam a2200265 a 4500
001 - NÚMERO DE CONTROL
campo de control 000022401
003 - IDENTIFICADOR DEL NÚMERO DE CONTROL
campo de control DO-SdBNP
005 - FECHA Y HORA DE LA ÚLTIMA TRANSACCIÓN
campo de control 20250411120643.0
007 - CAMPO FIJO DE DESCRIPCIÓN FÍSICA--INFORMACIÓN GENERAL
campo de control de longitud fija ta
008 - DATOS DE LONGITUD FIJA--INFORMACIÓN GENERAL
campo de control de longitud fija 101007s1988 dr 001 0 spa d
040 ## - FUENTE DE LA CATALOGACIÓN
Centro catalogador/agencia de origen DO-SdBNP
Lengua de catalogación spa
Centro/agencia transcriptor BNPHU
082 ## - NÚMERO DE LA CLASIFICACIÓN DECIMAL DEWEY
Número de clasificación 271.53
Número de documento/Ítem S522j
Número de edición 22
100 1# - ENTRADA PRINCIPAL--NOMBRE DE PERSONA
Nombre de persona Sáez , José Luis
Fechas asociadas al nombre 1937-
9 (RLIN) 620
245 14 - MENCIÓN DE TÍTULO
Título Los jesuitas en la República Dominicana /
Mención de responsabilidad, etc. José Luis Sáez.
260 ## - PUBLICACIÓN, DISTRIBUCIÓN, ETC.
Lugar de publicación, distribución, etc. Santo Domingo :
Nombre del editor, distribuidor, etc. Museo de Historia y Geografía
-- Archivo Histórico de las Antillas,
Fecha de publicación, distribución, etc. 1988.
Fabricante Amigo del hogar
300 ## - DESCRIPCIÓN FÍSICA
Extensión 2v. ;
Dimensiones 24 cm.
500 ## - NOTA GENERAL
Nota general Incluye cronología histórica de la Compañía de Jesús de Santo Domingo.
504 ## - NOTA DE BIBLIOGRAFÍA, ETC.
Nota de bibliografía, etc. Incluye bibliografía y notas al pie de páginas.
505 2# - NOTA DE CONTENIDO CON FORMATO
Título v. 1: Los primeros veinticinco años (1936-1961) --
-- v. 2: Hacia el medio siglo (1962-1986).
590 ## - NOTA LOCAL (RLIN)
Nota local Inventariado, 2018/ YL
650 #4 - PUNTO DE ACCESO ADICIONAL DE MATERIA--TÉRMINO DE MATERIA
Término de materia o nombre geográfico como elemento de entrada Jesuítas
9 (RLIN) 2793
Subdivisión geográfica República Dominicana
650 #4 - PUNTO DE ACCESO ADICIONAL DE MATERIA--TÉRMINO DE MATERIA
Término de materia o nombre geográfico como elemento de entrada Jesuítas
Subdivisión general Historia
9 (RLIN) 2794
910 ## - DATOS DE OPCIÓN DEL USUARIO (OCLC)
Datos de opción del usuario Validado. Control de calidad EMS
942 ## - ELEMENTOS DE PUNTO DE ACCESO ADICIONAL (KOHA)
Fuente del sistema de clasificación o colocación Dewey Decimal Classification
Tipo de ítem Koha Libro
Holdings
Estado de retiro Estado de pérdida No para préstamo Código de colección Localización permanente Ubicación/localización actual Ubicación en estantería Fecha de adquisición Número de inventario Total de préstamos Signatura topográfica completa Código de barras Fecha visto por última vez Precio válido a partir de Tipo de ítem Koha Restricciones de uso Fuente del sistema de clasificación o colocación Número de copia
      Dominicana de Servicio Biblioteca Nacional Pedro Henríquez Ureña Biblioteca Nacional Pedro Henríquez Ureña En catalogación 09.02.2023     BNPHU DS 271.53 S522j 2023-0796 09.02.2023 09.02.2023 Libro Préstamo en sala Dewey Decimal Classification e.5
    Excluido de préstamo Patrimonio Dominicano Patrimonio Dominicano Patrimonio Dominicano Depósito 11.10.2010 LF1   v. 2 22401-40 25.06.2020 25.06.2020 Libro y Folleto Colección Patrimonio Dominicano      
    Excluido de préstamo Patrimonio Dominicano Patrimonio Dominicano Patrimonio Dominicano Depósito 07.10.2010 LF1   271.53 S522j | v. 1 22401-10 25.06.2020 25.06.2020 Libro y Folleto Colección Patrimonio Dominicano      
    Excluido de préstamo Patrimonio Dominicano Patrimonio Dominicano Patrimonio Dominicano Depósito 07.10.2010 LF1   271.53 S522j | v. 1, e. 2 22401-20 25.06.2020 25.06.2020 Libro y Folleto Colección Patrimonio Dominicano      
      Patrimonio Dominicano Patrimonio Dominicano Patrimonio Dominicano Depósito 11.10.2010 LF1   271.53 S522j | v. 1, e. 3 22401-30 25.06.2020 25.06.2020 Libro y Folleto Colección Patrimonio Dominicano      

Powered by Koha